Hong Kong General Practice Surveying Site (Record no. 119857)
[ view plain ]
| 000 -LEADER | |
|---|---|
| fixed length control field | 00832cam a2200193 4500 |
| 001 - CONTROL NUMBER | |
| control field | WS114256 |
| 008 - FIXED-LENGTH DATA ELEMENTS--GENERAL INFORMATION | |
| fixed length control field | 010822n 000 0 eng u |
| 035 ## - SYSTEM CONTROL NUMBER | |
| System control number | (Sirsi) u114256 |
| 245 ## - TITLE STATEMENT | |
| Title | Hong Kong General Practice Surveying Site |
| 520 ## - SUMMARY, ETC. | |
| Summary, etc. | Web site which claims 'to share with you the rules of the game of the general practice surveying profession and the information on the real estate industry in Hong Kong'. Includes resources for the preparation of the APC, a detailed Q&A section and outlines of research. View at www.hkgp.com. |
| 650 ## - SUBJECT ADDED ENTRY--TOPICAL TERM | |
| Topical term or geographic name entry element | HONG KONG |
| 650 ## - SUBJECT ADDED ENTRY--TOPICAL TERM | |
| Topical term or geographic name entry element | STATISTICS |
| 650 ## - SUBJECT ADDED ENTRY--TOPICAL TERM | |
| Topical term or geographic name entry element | APC |
| 9 (RLIN) | 6216 |
| 650 ## - SUBJECT ADDED ENTRY--TOPICAL TERM | |
| Topical term or geographic name entry element | INTERNATIONAL |
| 650 ## - SUBJECT ADDED ENTRY--TOPICAL TERM | |
| Topical term or geographic name entry element | ASIA |
| 690 ## - LOCAL SUBJECT ADDED ENTRY--TOPICAL TERM (OCLC, RLIN) | |
| Topical term or geographic name as entry element | MANAGEMENT-BUSINESS MANAGEMENT-PROFESSIONAL PRACTICE |
| 856 40 - ELECTRONIC LOCATION AND ACCESS | |
| Uniform Resource Identifier | <a href="https://www.hkgp.com">https://www.hkgp.com</a> |
| Hours access method available | View the website free of charge at www.hkgp.com... |
| 942 ## - ADDED ENTRY ELEMENTS (KOHA) | |
| Suppress in OPAC | 0 |
| Withdrawn status | Lost status | Source of classification or shelving scheme | Damaged status | Not for loan | Home library | Current library | Shelving location | Date acquired | Total Checkouts | Full call number | Barcode | Date last seen | Copy number | Price effective from | Koha item type |
|---|---|---|---|---|---|---|---|---|---|---|---|---|---|---|---|
| Dewey Decimal Classification | Virtual | Virtual | Online | 22/08/2001 | WEB SITE | 114256-2001 | 06/08/2019 | 1 | 06/08/2019 | Online material |